Μεγάλη ελληνική εγκυκλοπαίδεια

Αποθηκεύτηκε σε:
Λεπτομέρειες βιβλιογραφικής εγγραφής
Κύριος συγγραφέας: Δρανδάκης, Παύλος, 1896-1945
Μορφή: Βιβλίο
Γλώσσα:Greek
Δημοσίευση: Αθήναι : Α.Ε.Β.Ε. Π.Γ. Μακρής & Σια ;, "Πυρσός", 1927-1934.
Θέματα:
Ετικέτες: Προσθήκη ετικέτας
Δεν υπάρχουν, Καταχωρήστε ετικέτα πρώτοι!

MARC

LEADER 00000cam a2200000 i 4500
001 1/69426
008 150413m19271934gr | ||| |||| ||gre||
035 |l 10121531 
040 |a GR-MyUA  |b gre  |e AACR2 
041 0 |a gre 
082 0 |a 039  |2 (23) 
100 1 |a Δρανδάκης, Παύλος,   |d 1896-1945. 
245 1 0 |a Μεγάλη ελληνική εγκυκλοπαίδεια /   |c [διευθυντής της συντάξεως Παύλος Δρανδάκης].  
260 |a Αθήναι :   |b Α.Ε.Β.Ε. Π.Γ. Μακρής & Σια ;,   |b "Πυρσός",   |c 1927-1934.  
300 |a 24 τ. (912, 944, 952, 952, 960, 952, 952, 951, 968, 1079, 928, 959, 960, 960, 960, 964, 967, 958, 959, 960, 960, 960, 959, 952 σ.) :   |b εικ. ;   |c 36 εκ.  
500 |a Στη σ. τ. όλων των τόμων υπάρχουν σφραγίδες "Σχολικόν Ταμείον της Δημόσιας Εμπορικής Σχολής, Ν.Ν Καρλοβασίω Σάμου". Στη σ.τ όλων των τόμων των c.1 υπάρχει ετικέτα "Δωρεά Ιωάννου Αφτιά, Δικηγόρου εκ Σκουρεϊκων - Σάμου".  
500 |a Υπάρχει ψηφιακό αντίγραφο μόνο για τον τόμο 10.  
500 |a Εκδίδεται υπό του εκδοτικού τμήματος της Α.Ε.Β.Ε. Π.Γ. ΜΑΚΡΗΣ & Σια, Λυκούργου 18, Αθήναι. 
505 0 |a Τ.1. Α - ΑΘΑΝΑΣΙΑ -- τ. 2. ΑΘΑΝΑΣΙΑ ΨΥΧΗΣ - ΑΚΑΔΗΜΕΙΚΟΣ -- τ. 3. ΑΚΑΔΗΜΙΑ - ΑΛΛΟΔΑΠΗ -- τ. 4. ΑΛΛΟΔΑΠΟΣ - ΑΝΤΟΧΗ -- τ. 5. ΑΝΤΟΧΥΡΩΣΙΣ - ΑΣΥΝΤΟΝΙΣΤΟΣ -- τ. 6. ΑΣΥΡΜΑΤΟΣ - ΒΕΛΤΙΩΝ -- τ. 7. ΒΕΛΤΙΩΣΙΣ - ΒΩΨ -- τ. 8. Γ - ΔΕΚΕΛΕΙΑ -- τ. 9. ΔΕΚΕΜΒΡΙΟΣ - ΕΛΛΑΝΟΚΡΑΤΗΣ -- τ. 10. ΕΛΛΑΣ -- τ. 11. ΕΛΛΒΑΓΓΕΝ - ΖΑΧΑΡΩΤΟΣ -- τ. 12. ΖΑΧΑΡΩΦ - ΙΛΙΣΟΣ -- τ. 13. ΙΛΙΤΖΑ - ΚΑΣΤΕΛΙΟΝ -- τ. 14. ΚΑΣΤΕΛΛΑ - ΚΟΣΜΟΚΡΑΤΩΡ -- τ. 15. ΚΟΣΜΟΛΟΓΙΑ - ΛΕΠΤΟΚΑΡΝΟΝ -- τ. 16. ΛΕΠΤΟΚΕΡΩΣ - ΜΕΣΟΠΟΡΙΑ -- τ. 17. ΜΕΣΟΠΟΤΑΜΙΑ - ΜΩΨ -- τ. 18. Ν - ΟΠΤΗΣΙΣ -- τ. 19. ΟΠΤΙΚΗ - ΠΕΡΙΗΓΟΥΜΑΙ -- τ. 20. ΠΕΡΙΗΛΙΟΝ - ΡΑΒΕΝΙΑ -- τ. 21. ΣΚΟΥΖΕΣ - ΤΗΛΕΜΑΧΟΣ -- τ. 22. ΤΗΛΕΜΕΤΡΙΑ - ΦΙΛΙΣΚΟΣ -- τ. 24. ΦΙΛΙΣΤΑΙΟΙ - ΩΩΔΗΣ.  
650 0 0 |a Encyclopedias and dictionaries, Greek. 
852 |a INST  |b SAMOS  |c PORFYRIADA  |e 20150413  |h 039 ΔΡΑ  |p 005300042109  |q 005300042109  |t NOLOAN  |v τομ.1:  |y 23 
852 |a INST  |b SAMOS  |c PORFYRIADA  |e 20150413  |h 039 ΔΡΑ  |p 005300042114  |q 005300042114  |t NOLOAN  |v τομ.2:  |y 23 
852 |a INST  |b SAMOS  |c PORFYRIADA  |e 20150413  |h 039 ΔΡΑ  |p 005300042115  |q 005300042115  |t NOLOAN  |v τομ.3:  |y 23 
852 |a INST  |b SAMOS  |c PORFYRIADA  |e 20150413  |h 039 ΔΡΑ  |p 005300042116  |q 005300042116  |t NOLOAN  |v τομ.4:  |y 23 
852 |a INST  |b SAMOS  |c PORFYRIADA  |e 20150413  |h 039 ΔΡΑ  |p 005300042117  |q 005300042117  |t NOLOAN  |v τομ.5:  |y 23 
852 |a INST  |b SAMOS  |c PORFYRIADA  |e 20150413  |h 039 ΔΡΑ  |p 005300042118  |q 005300042118  |t NOLOAN  |v τομ.6:  |y 23 
852 |a INST  |b SAMOS  |c PORFYRIADA  |e 20150413  |h 039 ΔΡΑ  |p 005300042119  |q 005300042119  |t NOLOAN  |v τομ.7:  |y 23 
852 |a INST  |b SAMOS  |c PORFYRIADA  |e 20150413  |h 039 ΔΡΑ  |p 005300042120  |q 005300042120  |t NOLOAN  |v τομ.8:  |y 23 
852 |a INST  |b SAMOS  |c PORFYRIADA  |e 20150413  |h 039 ΔΡΑ  |p 005300042121  |q 005300042121  |t NOLOAN  |v τομ.9:  |y 23 
852 |a INST  |b SAMOS  |c PORFYRIADA  |e 20150413  |h 039 ΔΡΑ  |p 005300042122  |q 005300042122  |t NOLOAN  |v τομ.10:  |y 23 
852 |a INST  |b SAMOS  |c PORFYRIADA  |e 20150413  |h 039 ΔΡΑ  |p 005300042123  |q 005300042123  |t NOLOAN  |v τομ.11:  |y 23 
852 |a INST  |b SAMOS  |c PORFYRIADA  |e 20150413  |h 039 ΔΡΑ  |p 005300042124  |q 005300042124  |t NOLOAN  |v τομ.12:  |y 23 
852 |a INST  |b SAMOS  |c PORFYRIADA  |e 20150413  |h 039 ΔΡΑ  |p 005300042125  |q 005300042125  |t NOLOAN  |v τομ.13:  |y 23 
852 |a INST  |b SAMOS  |c PORFYRIADA  |e 20150413  |h 039 ΔΡΑ  |p 005300042126  |q 005300042126  |t NOLOAN  |v τομ.14:  |y 23 
852 |a INST  |b SAMOS  |c PORFYRIADA  |e 20150413  |h 039 ΔΡΑ  |p 005300042127  |q 005300042127  |t NOLOAN  |v τομ.15:  |y 23 
852 |a INST  |b SAMOS  |c PORFYRIADA  |e 20150413  |h 039 ΔΡΑ  |p 005300042128  |q 005300042128  |t NOLOAN  |v τομ.16:  |y 23 
852 |a INST  |b SAMOS  |c PORFYRIADA  |e 20150413  |h 039 ΔΡΑ  |p 005300042129  |q 005300042129  |t NOLOAN  |v τομ.17:  |y 23 
852 |a INST  |b SAMOS  |c PORFYRIADA  |e 20150413  |h 039 ΔΡΑ  |p 005300042130  |q 005300042130  |t NOLOAN  |v τομ.18:  |y 23 
852 |a INST  |b SAMOS  |c PORFYRIADA  |e 20150413  |h 039 ΔΡΑ  |p 005300042131  |q 005300042131  |t NOLOAN  |v τομ.19:  |y 23 
852 |a INST  |b SAMOS  |c PORFYRIADA  |e 20150413  |h 039 ΔΡΑ  |p 005300042132  |q 005300042132  |t NOLOAN  |v τομ.20:  |y 23 
852 |a INST  |b SAMOS  |c PORFYRIADA  |e 20150413  |h 039 ΔΡΑ  |p 005300042133  |q 005300042133  |t NOLOAN  |v τομ.21:  |y 23 
852 |a INST  |b SAMOS  |c PORFYRIADA  |e 20150413  |h 039 ΔΡΑ  |p 005300042134  |q 005300042134  |t NOLOAN  |v τομ.22:  |y 23 
852 |a INST  |b SAMOS  |c PORFYRIADA  |e 20150413  |h 039 ΔΡΑ  |p 005300042135  |q 005300042135  |t NOLOAN  |v τομ.23:  |y 23 
852 |a INST  |b SAMOS  |c PORFYRIADA  |e 20150413  |h 039 ΔΡΑ  |p 005300042136  |q 005300042136  |t NOLOAN  |v τομ.24:  |y 23 
852 |a INST  |b SAMOS  |c PORFYRIADA  |e 20150413  |h 039 ΔΡΑ  |p 005300042137  |q 005300042137  |t NOLOAN  |v τομ.1:  |y 23 
852 |a INST  |b SAMOS  |c PORFYRIADA  |e 20150413  |h 039 ΔΡΑ  |p 005300042138  |q 005300042138  |t NOLOAN  |v τομ.2:  |y 23 
852 |a INST  |b SAMOS  |c PORFYRIADA  |e 20150413  |h 039 ΔΡΑ  |p 005300042139  |q 005300042139  |t NOLOAN  |v τομ.3:  |y 23 
852 |a INST  |b SAMOS  |c PORFYRIADA  |e 20150413  |h 039 ΔΡΑ  |p 005300042140  |q 005300042140  |t NOLOAN  |v τομ.4:  |y 23 
852 |a INST  |b SAMOS  |c PORFYRIADA  |e 20150413  |h 039 ΔΡΑ  |p 005300042141  |q 005300042141  |t NOLOAN  |v τομ.5:  |y 23 
852 |a INST  |b SAMOS  |c PORFYRIADA  |e 20150413  |h 039 ΔΡΑ  |p 005300042142  |q 005300042142  |t NOLOAN  |v τομ.6:  |y 23 
852 |a INST  |b SAMOS  |c PORFYRIADA  |e 20150413  |h 039 ΔΡΑ  |p 005300042143  |q 005300042143  |t NOLOAN  |v τομ.8:  |y 23 
852 |a INST  |b SAMOS  |c PORFYRIADA  |e 20150413  |h 039 ΔΡΑ  |p 005300042144  |q 005300042144  |t NOLOAN  |v τομ.9:  |y 23 
852 |a INST  |b SAMOS  |c PORFYRIADA  |e 20150413  |h 039 ΔΡΑ  |p 005300042145  |q 005300042145  |t NOLOAN  |v τομ.11:  |y 23 
852 |a INST  |b SAMOS  |c PORFYRIADA  |e 20150413  |h 039 ΔΡΑ  |p 005300042146  |q 005300042146  |t NOLOAN  |v τομ.13:  |y 23 
852 |a INST  |b SAMOS  |c PORFYRIADA  |e 20150413  |h 039 ΔΡΑ  |p 005300042147  |q 005300042147  |t NOLOAN  |v τομ.14:  |y 23 
852 |a INST  |b SAMOS  |c PORFYRIADA  |e 20150413  |h 039 ΔΡΑ  |p 005300042148  |q 005300042148  |t NOLOAN  |v τομ.15:  |y 23 
852 |a INST  |b SAMOS  |c PORFYRIADA  |e 20150413  |h 039 ΔΡΑ  |p 005300042149  |q 005300042149  |t NOLOAN  |v τομ.16:  |y 23 
852 |a INST  |b SAMOS  |c PORFYRIADA  |e 20150413  |h 039 ΔΡΑ  |p 005300042150  |q 005300042150  |t NOLOAN  |v τομ.17:  |y 23 
852 |a INST  |b SAMOS  |c PORFYRIADA  |e 20150413  |h 039 ΔΡΑ  |p 005300042151  |q 005300042151  |t NOLOAN  |v τομ.18:  |y 23 
852 |a INST  |b SAMOS  |c PORFYRIADA  |e 20150413  |h 039 ΔΡΑ  |p 005300042152  |q 005300042152  |t NOLOAN  |v τομ.19:  |y 23 
852 |a INST  |b SAMOS  |c PORFYRIADA  |e 20150413  |h 039 ΔΡΑ  |p 005300042153  |q 005300042153  |t NOLOAN  |v τομ.20:  |y 23 
852 |a INST  |b SAMOS  |c PORFYRIADA  |e 20150413  |h 039 ΔΡΑ  |p 005300042154  |q 005300042154  |t NOLOAN  |v τομ.21:  |y 23 
852 |a INST  |b SAMOS  |c PORFYRIADA  |e 20150413  |h 039 ΔΡΑ  |p 005300042155  |q 005300042155  |t NOLOAN  |v τομ.22:  |y 23 
852 |a INST  |b SAMOS  |c PORFYRIADA  |e 20150413  |h 039 ΔΡΑ  |p 005300042156  |q 005300042156  |t NOLOAN  |v τομ.23:  |y 23 
852 |a INST  |b SAMOS  |c PORFYRIADA  |e 20150413  |h 039 ΔΡΑ  |p 005300042157  |q 005300042157  |t NOLOAN  |v τομ.24:  |y 23 
852 |a INST  |b SAMOS  |c PORFYRIADA  |e 20161017  |h 039 ΔΡΑ  |p 005300043852  |q 005300043852  |t NOLOAN  |v τομ.10:  |y 23 
853 |a INST  |b SAMOS  |c PORFYRIADA  |h 039 ΔΡΑ 
901 |a BIBL3-2015-1 
909 |a Σ  |b 192130 
909 |a Σ  |b 192135 
909 |a Σ  |b 192136 
909 |a Σ  |b 192137 
909 |a Σ  |b 192138 
909 |a Σ  |b 192139 
909 |a Σ  |b 192140 
909 |a Σ  |b 192141 
909 |a Σ  |b 192142 
909 |a Σ  |b 192143 
909 |a Σ  |b 192144 
909 |a Σ  |b 192145 
909 |a Σ  |b 192146 
909 |a Σ  |b 192147 
909 |a Σ  |b 192148 
909 |a Σ  |b 192149 
909 |a Σ  |b 192150 
909 |a Σ  |b 192151 
909 |a Σ  |b 192152 
909 |a Σ  |b 192153 
909 |a Σ  |b 192154 
909 |a Σ  |b 192155 
909 |a Σ  |b 192156 
909 |a Σ  |b 192157 
909 |a Σ  |b 192158 
909 |a Σ  |b 192159 
909 |a Σ  |b 192160 
909 |a Σ  |b 192161 
909 |a Σ  |b 192162 
909 |a Σ  |b 192163 
909 |a Σ  |b 192164 
909 |a Σ  |b 192165 
909 |a Σ  |b 192166 
909 |a Σ  |b 192167 
909 |a Σ  |b 192168 
909 |a Σ  |b 192169 
909 |a Σ  |b 192170 
909 |a Σ  |b 192171 
909 |a Σ  |b 192172 
909 |a Σ  |b 192173 
909 |a Σ  |b 192174 
909 |a Σ  |b 192175 
909 |a Σ  |b 192176 
909 |a Σ  |b 192177 
909 |a Σ  |b 192178 
970 |a ΣΙΤΖΙΜΗ  |b ΓΙΑΣΕΜΗ  |z 2015/04/13